Datum a čas kvízu

23.5 Celkem bodů Celkový počet nahraných bodů na tomto kvízu bez doplňovacích otázek.
4. Pořadí na kvízu Konečné umístění týmu na tomto kvízu.

Zaznamenané odpovědi

# Otázka Odpověď Body Výsledky
1. Smutné 70. výročí justiční vra... O2 0
2. Některým občanským aktivistům... Imagine 0
3. Do českých kin se ve čtvrtek k... Václav Postránecký 1
4. Minulý týden byl oznámen konec... Segway 1
5. Kolikátý titul mistrů Českoslo... 20. titul 1
6. Toto téma jste si vybrali na n... Kmeny 1
7. Co je primárně typické pro ski... B 1
8. V roce 1941 byla vydána kniha... Eduard Bass 1
9. V lidském společenství najdeme... ektomorf, endomorf, mezomorf 0
10. Poměrně specifickým fenoménem... K-pop 0